| 000 | 00543cam a2200217 4500 | ||
|---|---|---|---|
| 008 | 000000n2001 000 0 eng u | ||
| 020 | _a0754512665 | ||
| 035 | _a(Sirsi) u111685 | ||
| 041 | _aeng. | ||
| 050 | _a346.41024 SLA | ||
| 100 | _aSlade, E. | ||
| 245 | _aTolley's employment handbook. | ||
| 250 | _a15th ed. | ||
| 260 |
_aCroydon _bTolley _c2001 |
||
| 300 |
_alxxxv, 794p. _c23cm. |
||
| 350 | _a65.00 | ||
| 520 | _aSuperseded by the 20th ed. (ISBN 0754529533) | ||
| 650 | _aEMPLOYMENT LAW | ||
| 690 | _aLAW | ||
| 942 | _n0 | ||
| 999 |
_c101278 _d101278 |
||